Responses for Show #4205 - Friday, December 6, 2002

Contestants

[<< previous game]

Andrew Woolsey, a production assistant from Los Angeles, California

Ayesha Black, a student from Los Angeles, California

Todd Hellman, an attorney from Lakeland, Florida (whose 1-day cash winnings total $11,602)

[next game >>]

Jeopardy! Round responses

'40s FICTION
FINANCIAL MATTERS
THE AFI'S 100 GREATEST LOVE STORIES
I FEEL LIKE SUCH AN IDIOM
OXFORD, CAMBRIDGE OR HARVARD
OLD SCHOOL THAI
    $200 3
(Andrew: Who is Hemingway?)

Norman Mailer

Andrew
Triple Stumper
    $200 1
takeover

Ayesha
    $200 9
Casablanca

Ayesha
    $200 14
memory

Todd
    $200 19
Oxford

Ayesha
    $200 21
Siam

Todd
    $400 4
F. Scott Fitzgerald

Ayesha
    $400 2
(Ayesha: What is a write-off?)
(Alex: Be more specific.)
(Ayesha: What is a deduction?)
(Alex: Be more specific still.)
(Ayesha: I don't know.)
(Todd: What is a tax write-off... tax deduction?)
(Andrew: What is a tax break?)

tax shelter

ToddAyeshaAndrew
Triple Stumper
    $400 10
(Todd: What is "101 Dalmatians"?)

Lady and the Tramp

ToddAndrew
    $400 15
(Ayesha: What is battle?)

bear

Ayesha
Triple Stumper
    $400 20
Harvard

Andrew
    $400 30
Bangkok

Andrew
    $600 5
"The Fountainhead"

Ayesha
    $800 8
401(k)

Ayesha
    $600 11
Cary Grant

Ayesha
    $600 16
(Todd: What are The Daylights?)
(Alex: Be more specific.)

The Living Daylights

Todd
    $600 22
(Todd: What is Oxford?)

Cambridge

ToddAyesha
    $600 29
sapphires

Andrew
    $800 6
"All the King's Men"

Triple Stumper
    $800 25
coupon

Ayesha
    $800 12
Splendor in the Grass

Ayesha
    $800 17
rise

Todd
    $800 23
(Alex: With a minute to go now.)

Oxford

Triple Stumper
    $800 28
Buddhism

Andrew
    $1000 7
"The Heart is a Lonely Hunter"

Ayesha
    $1000 26
thrift

Triple Stumper
    $1000 13
Body Heat

Ayesha
    $1000 18
full-court press

Ayesha
    $1000 24
(Ayesha: What is Oxford?)
(Andrew: What is Harvard?)

Cambridge

ToddAyeshaAndrew
    $1000 27
Malay

Triple Stumper

Scores at the first commercial break (after clue 13):

Todd Ayesha Andrew
-$800 $5,200 -$200

Scores at the end of the Jeopardy! Round:

Todd Ayesha Andrew
$1,400 $6,400 $1,000

Double Jeopardy! Round responses

MILLENNIUM MOMENTS
TELESCOPES
BANG THE DRUM
AUCTION PACKED
"ANN" IN OTHER NEWS...
FINE & ANDY
    $400 1
the sun

Todd
    $400 6
(Ayesha: Who is Hubble?)
(Alex: Not quickly enough, Todd)

Sir Isaac Newton

Ayesha
Triple Stumper
    $400 24
tom-toms

Triple Stumper
    $400 22
(Alex: With a minute to go now.)

Judy Garland

Ayesha
    $400 13
annex it

Ayesha
    $400 8
Andy Rooney

Ayesha
    $800 2
Norway

Ayesha
    $800 7
radio telescopes

Andrew
    $800 27
cowbell

Ayesha
    $800 18
"The Thinker"

Ayesha
    $800 14
annihilation

Andrew
    $800 9
Andy Griffith

Ayesha
    $1200 3
tobacco

Todd
    $1200 25
crash

Andrew
    $1200 19
Buddy Holly

Ayesha
    $1200 15
Annelida

Triple Stumper
    $1200 10
Andy Gibb

Ayesha
    $1,500 4
Alaska

Todd
    $1600 26
bass drum

Ayesha
    $1600 20
the Gettysburg Address

Ayesha
    $1600 16
(Ayesha: What is annis?)

annuit

Ayesha
Triple Stumper
    $800 11
Andy Garcia

Ayesha
    $2000 5
Sir Walter Scott

Triple Stumper
    $2000 28
[The end-of-round signal sounds.]

Galileo

Todd
    $2000 23
snare drum

Todd
    $2000 21
Wallis Simpson

Ayesha
    $2000 17
anneal

Triple Stumper
    $2000 12
Andy Summers (of the Police)

Todd

Scores at the end of the Double Jeopardy! Round:

Todd Ayesha Andrew
$10,500 $17,200 $3,800

[wagering suggestions for these scores]

Final Jeopardy! Round responses

20th CENTURY CLASSICAL MUSIC
AndrewWhat is the Grand Canyon Suite?
$3,000
ToddWhat is Billy the Kid
$10,400
AyeshaWhat is Rodeo
$5,000
"Grand Canyon Suite" (by Ferde Grofe)

Final scores:

Todd Ayesha Andrew
$100 $12,200 $6,800
3rd place: $1,000 New champion: $12,200 2nd place: $2,000

Game dynamics:

Coryat scores:

Todd Ayesha Andrew
$10,600 $17,800 $3,800
11 R
(including 1 DD),
3 W
26 R
(including 2 DDs),
5 W
8 R,
3 W

Combined Coryat: $32,200

[game clues] [game scores] [suggest correction]

Game tape date: 2002-08-27
The J! Archive is created by fans, for fans. Scraping, republication, monetization, and malicious use prohibited; this site may use cookies and collect identifying information. See terms. The Jeopardy! game show and all elements thereof, including but not limited to copyright and trademark thereto, are the property of Jeopardy Productions, Inc. and are protected under law. This website is not affiliated with, sponsored by, or operated by Jeopardy Productions, Inc. Join the discussion at JBoard.tv.